Statistics for Peach Pit - Complete discography quiz

Click here to take the quiz!

General Stats

  • This quiz has been taken 93 times
    (91 since last reset)
  • The average score is 25 of 40

Answer Stats

Being So Normal% Correct
Peach Pit
89%
Sweet FA
89%
Tommy's Party
89%
Drop the Guillotine
86%
Drop the Guillotine
86%
Alrighty Aphrodite
80%
Seventeen
80%
Being so Normal
77%
From 2 to 3
74%
Shampoo Bottles
74%
Black Licorice
71%
Up Granville
71%
You and Your Friends
71%
Vickie
69%
Brian's Movie
66%
Denny's Garage
66%
Give Up Baby Go
66%
Look Out!
66%
Psychics in LA
66%
Everything About You
63%
Figure 8
63%
Chagu's Sideturn
60%
Pepsi on the House
60%
Private Presley
60%
Hot Knifer
57%
Puppy Grin
57%
Did I Make You Cry on Christmas Day? (Well, You Deserved it!)
54%
2015
51%
Camilla, I'm at Home
51%
Drips on a Wire
51%
Feelin' Low (F*ckboy Blues)
51%
Techno Show
51%
Adidas
49%
Lips Like Yours
46%
Live at the Swamp
46%
Not Me
46%
Second Life with Emily
46%
Thursday
46%
Your Teeth
46%
Last Days of Lonesome
43%

Score Distribution

Percentile by Number Answered

Percent of People with Each Score

Your Score History

You have not taken this quiz since the last reset